000 00271nam a2200109Ia 4500
008 220204s9999 xx 000 0 und d
082 _a82-3
_bMAS
100 _aMasterson, Louis
245 0 _aNo. 29 New orleans gamble
260 _aGreat Britain
_bCorgi
_c1975
942 _cBK
999 _c31034
_d31034